Without me lyrics - Statistics

General Stats
  • This quiz has been taken 15 times
  • The average score is 10 of 14
Answer Stats
Hint Answer % Correct
Guess who's back, back againShady's back, tell a ______ friend
100%
Two _______ ____ girls go 'round the outside'Round the outside, 'round the outside trailer park
93%
So the FCC won't let me be or let me be me so let me seeThey tried to shut me down on ___, But it feels so empty without me mtv
87%
Then a shock when I get shocked at the hospital By the doctor when I'm not ___________When I'm rocking the table while he's operating cooperating
80%
I've created a monster, 'cause nobody wants to see Marshall no moreThey want Shady, I'm _______ _____ chopped liver
73%
Cause we need a little ____________ controversy
73%
Cause it feels so _____ without me empty
73%
So everybody just ______ me follow
73%
Now this looks like a ___ for me job
73%
I know-that you got a job, Ms. CheneyBut your husband's heart problem's ____________ complicating
60%
Obie Trice, real name no ________ gimmicks
60%
Well if you want Shady, this is what I'll give yaA little bit of me mixed with some ____ ______ hard liquor
60%
And get ready 'cause this stuff's about to get heavyI just settled all my ________, "Love you, Debbie!" lawsuits
60%
So come on and ____, kiss on your cheekThat's Nice, juice on your lips and some on your chin play
0%
No matching quizzes found
Score Distribution
Percent of People with Each Score
Percentile by Number Answered
Your Score History
You have not taken this quiz